[Event "4th Prague Challengers"]
[Site "Prague CZE"]
[Date "2022.06.17"]
[Round "9.3"]
[White "Warmerdam, Max"]
[Black "Keymer, Vincent"]
[Result "0-1"]
[WhiteTitle "GM"]
[BlackTitle "GM"]
[WhiteElo "2613"]
[BlackElo "2675"]
[WhiteFideId "1048104"]
[BlackFideId "12940690"]
[EventDate "2022.06.08"]

1. Nf3 d5 2. g3 Bg4 3. Bg2 c6 4. d4 Nd7 5. c4 e6 6. h3 Bf5 7. Nc3 Ngf6 8. Nh4
Be4 9. Nxe4 Nxe4 10. O-O Be7 11. Nf3 O-O 12. Qb3 Qb6 13. Qc2 a5 14. Be3 f5 15.
h4 Qa6 16. b3 Bd6 17. Ne1 b5 18. c5 Bc7 19. Nd3 Rae8 20. Qb2 Qc8 21. Rac1 Qd8
22. Ne5 Nxe5 23. dxe5 b4 24. Qd4 Qb8 25. Bf4 h6 26. h5 Ng5 27. Bxg5 Bxe5 28. Qe3
hxg5 29. Qxg5 Qd8 30. Qxd8 Rxd8 31. Bh3 Kf7 32. Kg2 g5 33. hxg6+ Kxg6 34. e3 a4
35. f4 Bc3 36. Kf3 Rh8 37. Rh1 Ra8 38. g4 axb3 39. axb3 Ra3 40. gxf5+ exf5 41.
Rb1 Rh5 42. Rbg1+ Kf7 43. Bf1 Rxh1 44. Rxh1 Rxb3 45. Bd3 Bg7 46. Bxf5 d4 47. Re1
Rc3 48. Be4 Bf8 49. Bxc6 Bxc5 50. Re2 Kf6 51. Be4 Ke6 52. Bh7 Kf7 53. Be4 Bb6
54. Bd5+ Kf6 55. Ke4 dxe3 56. Kf3 Bd4 57. Be4 Ra3 58. Bd5 b3 59. Be4 Ra1 60. Rh2
b2 61. Rh6+ Ke7 62. Rh7+ Kd6 63. Rb7 Rf1+ 64. Ke2 Rf2+ 65. Kd1 e2+ 66. Ke1 Bc3+ 0-1

[Event "4th Prague Challengers"]
[Site "Prague CZE"]
[Date "2022.06.17"]
[Round "9.4"]
[White "Michalik, Peter"]
[Black "Hracek, Zbynek"]
[Result "1/2-1/2"]
[WhiteTitle "GM"]
[BlackTitle "GM"]
[WhiteElo "2577"]
[BlackElo "2564"]
[WhiteFideId "14907526"]
[BlackFideId "300071"]
[EventDate "2022.06.08"]

1. e4 e6 2. d4 d5 3. Nc3 Nf6 4. e5 Nfd7 5. f4 c5 6. Nf3 Nc6 7. Be3 a6 8. Qd2 b5
9. a3 Qa5 10. Rd1 b4 11. axb4 Qxb4 12. b3 cxd4 13. Nxd4 Nxd4 14. Bxd4 Bc5 15.
Be2 Bb7 16. Bxc5 Nxc5 17. Na4 Qxd2+ 18. Kxd2 Nxa4 19. bxa4 Bc6 20. a5 Bb5 21. c4
Bxc4 22. Bxc4 dxc4 23. Kc3 O-O 24. Rd6 Rfc8 25. Rb1 g6 26. Rb4 Rc5 27. Ra4 g5
28. g3 Kg7 29. Kd4 Rac8 30. Kc3 Ra8 31. Kd4 1/2-1/2

[Event "4th Prague Challengers"]
[Site "Prague CZE"]
[Date "2022.06.17"]
[Round "9.5"]
[White "Abdusattorov, Nodirbek"]
[Black "Pechac, Jergus"]
[Result "1/2-1/2"]
[WhiteTitle "GM"]
[BlackTitle "GM"]
[WhiteElo "2661"]
[BlackElo "2598"]
[WhiteFideId "14204118"]
[BlackFideId "14926970"]
[EventDate "2022.06.08"]

1. e4 e5 2. Nf3 Nc6 3. Bc4 Bc5 4. d3 a6 5. a4 d6 6. O-O Qf6 7. c3 Bg4 8. Nbd2
Nge7 9. b4 Ba7 10. h3 h5 11. Nb3 Nd8 12. d4 Ne6 13. Bxe6 Bxe6 14. Be3 Qg6 15.
dxe5 Bxe3 16. fxe3 Bxh3 17. Qc2 h4 18. exd6 cxd6 19. Nbd4 Rc8 20. Qf2 Rxc3 21.
e5 d5 22. Rac1 Rc8 23. e6 Bxe6 24. Ne5 Qg3 25. Rxc8+ Nxc8 26. Qxg3 hxg3 27. Rf3
O-O 28. Nd3 Nd6 29. Rxg3 Ne4 30. Rf3 Rc8 31. Rf1 Rc4 32. a5 g5 33. Rb1 Rc3 34.
Nc5 Bc8 35. Nxe4 dxe4 36. Kf2 Kg7 37. b5 Rc5 38. Rb4 f5 39. g4 f4 40. bxa6 bxa6
41. exf4 gxf4 42. Ne2 f3 43. Ng3 Rxa5 44. Rxe4 Ra2+ 45. Ke3 Ra3+ 46. Kf2 a5 47.
Rc4 Be6 48. Nf5+ Kf6 49. Rc5 a4 50. g5+ Kf7 51. Ra5 Bxf5 52. Rxf5+ Kg7 53. Rf6
Rb3 1/2-1/2